| 000 | 005910000a22001810004500 | ||
|---|---|---|---|
| 090 |
_aAR _b00305 |
||
| 245 | 1 | 0 | _aCaso teratológico en un lutjánido (<Pisces: Lutjanidae>) del sur Sinaloa, México |
| 650 | 1 | 4 |
_aIctiología _911437 |
| 650 | 1 | 4 |
_aPeces _992349 |
| 650 | 1 | 4 |
_aDistribución geográfica _992997 |
| 650 | 1 | 4 |
_aBiología animal _911433 |
| 651 | 4 |
_pMéxico _992749 |
|
| 653 |
_fLutjanidae _gLutjanus _eLutjanus argentiventris |
||
| 041 | 0 | _aEspañol | |
| 100 | 1 |
_aAlbarez León, Ricardo _993171 |
|
| 942 | _cARTICULO | ||
| 773 | 1 |
_tAnales del Instituto de Biología _3127 _q229-235 _d1983 |
|
| 999 |
_c9403 _d9403 |
||